Model-based signal processing

Saved in:
Bibliographic Details
Main Author:  Candy, Jame V
Format: Sách
Language:Undetermined
Published:  IEEE Press  2006
Subjects:
Tags: Add Tag
No Tags, Be the first to tag this record!
Institutions: Trung tâm Thư viện - Trường Đại học Công nghiệp TP. Hồ Chí Minh
LEADER 00462nam a2200157Ia 4500
001 UIH_03948
008 231011s9999 xx 000 0 und d
082 |a  621.3822 
100 |a  Candy, Jame V 
245 0 |a  Model-based signal processing 
245 0 |c  Candy, Jame V 
260 |b  IEEE Press 
260 |c  2006 
650 |a  Tín hiệu;  
927 |a Sách 
980 |a Trung tâm Thư viện - Trường Đại học Công nghiệp TP. Hồ Chí Minh